Educación y capacitación: un estudio de casos

Saved in:
Bibliografiske detaljer
Hovedforfatter: Letelier L., Marta (Author)
Format: Bog
Sprog:spansk
Udgivet: Valparaíso Universidad de Valparaíso 1997
Fag:
Tags: Tilføj Tag
Ingen Tags, Vær først til at tagge denne postø!

MARC

LEADER 00000nam a2200000 a 4500
001 UCI9550
003 CL-VaPUC
008 081120e19970000CL |||||||||||||||||spa|d
020 |a 9562140164 
082 0 4 |a 331.1377  |b LET  |2 21 
100 |a Letelier L., Marta  |e author  |9 533377 
245 1 0 |a Educación y capacitación: un estudio de casos 
300 |a 19970000 
942 |c BK 
945 |d 20081120 00:00:00  |a jtorresc 
260 |a Valparaíso  |b Universidad de Valparaíso  |c 1997 
650 7 |a PROGRAMAS DE CAPACITACION  |2 CL-VaPUC  |9 408498 
650 0 |a Desarrollo Personal  |9 390751 
650 0 |a Desempleo   |9 257579 
650 0 |a Problemas sociales  |9 258537 
650 0 |a Adolescentes  |9 308058 
650 0 |a Pobreza  |9 258652 
583 |a last modification  |c 20081120 00:00:00  |k Rodrigo Vera 
999 |c 332067  |d 332065 
952 |0 0  |1 0  |4 0  |6 331_137700000000000_LET_1997  |7 0  |8 A  |9 419436  |a BIBEDU  |b BIBEDU  |d 2019-11-22  |i 4497112  |o 331.1377 LET 1997  |p 4497112  |r 2019-11-22  |w 2019-11-22  |y BK  |k EPE